000 00537nam a22001937a 4500
005 20241209162802.0
010 _aENG-142947
020 _c120.00
_a9788187952442
035 _aEN-126479
037 _bDBAD
082 _a331.4
100 1 _aKakar, S.C.
_974857
245 _aWorking Women' Manual/
_cby S.C. Kakar
250 _a1
260 _aKolkata
_bMark-Age Services Pvt Ltd
_c2015
270 _aME/5, Niva Park-3 Brahmapur,
_bKolkata
_e700096
300 _a128p.
_c21cm (pb)
942 _2ddc
_cEN
_mKAK
_h331.4
999 _c207510
_d207510